000 00555nam a22002057a 4500
003 OSt
008 260429b |||||||| |||| 00| 0 eng d
082 _a634.44
_bN25B
100 _aNaresh Kumar
245 _aBearing Behaviour of Some West and South Indian Mangoes /
_cby Naresh Kumar
260 _a.- Sabour, Bhagalpur
_b: Bihar Agricultural College, RAU
_c, 1993
300 _a126p.
502 _bPh. D.
_d1993
650 _aHorticulture
650 _aMangoes
650 _aSouth India
650 _aThesis
650 _aPh. D.
942 _2ddc
_cT
999 _c50307
_d50307